Banglore Rajdhani : (Record no. 56997)

MARC details
000 -LEADER
fixed length control field 02569nam a22003617a 4500
005 - DATE AND TIME OF LATEST TRANSACTION
control field 20110926141339.0
010 ## - LCCN (DPL NO)
LC control number ENG-103827 B-460542-551
020 ## - INTERNATIONAL STANDARD BOOK NUMBER
International Standard Book Number 9789380834412
Terms of availability 100.00
035 ## - SYSTEM CONTROL NUMBER
System control number EN-87360 B-460542-551
037 ## - SOURCE OF ACQUISITION
Source of stock number/acquisition DBAD/PUB
037 ## - SOURCE OF ACQUISITION
Source of stock number/acquisition K.K.Pub/Ven
082 ## - DEWEY DECIMAL CLASSIFICATION NUMBER
Classification number S
100 ## - MAIN ENTRY--PERSONAL NAME
Personal name Shingwekar, Kshitij
245 ## - TITLE STATEMENT
Title Banglore Rajdhani :
Statement of responsibility, etc by Kshitij Shingwekar
Remainder of title Priya's journey of romance, love and obsession /
260 ## - PUBLICATION, DISTRIBUTION, ETC. (IMPRINT)
Place of publication, distribution, etc Bhopal
Name of publisher, distributor, etc Indra Publishing House
Date of publication, distribution, etc 2011
270 ## - ADDRESS
Address E-5/21 Arera Colony, Habibganj Police station Road,
City Bhopal
Postal code 462016
300 ## - PHYSICAL DESCRIPTION
Extent 155p.
Dimensions 20cm (pbk)
700 ## - ADDED ENTRY--PERSONAL NAME
9 (RLIN) 34822
710 ## - ADDED ENTRY--CORPORATE NAME
9 (RLIN) 34853
942 ## - ADDED ENTRY ELEMENTS (KOHA)
Source of classification or shelving scheme Dewey Decimal Classification
Item type English Books
Call number suffix SHI
Classification part S
Holdings
Withdrawn status Lost status Not for loan Collection code Home library Current library Date acquired Source of acquisition Cost, normal purchase price Full call number Barcode Copy number Cost, replacement price Koha item type
      Fiction Andrews Gunj Andrews Gunj 22/05/2012 K.K.Pub/1711/07.02.2012/25/18.01.2012/10.02.2012 100.00 S SHI B-460547 1 100.00 English Books
  Written-off vide DLB M. No. 383 dt 16.05.19   Fiction Central Library Central Library 22/05/2012 K.K.Pub/1711/07.02.2012/25/18.01.2012/10.02.2012 100.00 S SHI B-460542 1 100.00 English Books
    Not For Loan Fiction D.B.Act.Division D.B.Act.Division 26/09/2011 DBAD/PUB 100.00 S SHI EN-87360 1 100.00 English Books
      Fiction Janak Puri Janak Puri 22/05/2012 K.K.Pub/1711/07.02.2012/25/18.01.2012/10.02.2012 100.00 S SHI B-460544 1 100.00 English Books
      Fiction Karol Bagh Karol Bagh 22/05/2012 K.K.Pub/1711/07.02.2012/25/18.01.2012/10.02.2012 100.00 S SHI B-460545 1 100.00 English Books
  Written-off vide DLB M. No. 383 dt 16.05.19   Fiction Karol Bagh Karol Bagh 22/05/2012 K.K.Pub/1711/07.02.2012/25/18.01.2012/10.02.2012 100.00 S SHI B-460549 1 100.00 English Books
      Fiction Narela Narela 22/05/2012 K.K.Pub/1711/07.02.2012/25/18.01.2012/10.02.2012 100.00 S SHI B-460550 1 100.00 English Books
      Fiction Patel Nagar Patel Nagar 22/05/2012 K.K.Pub/1711/07.02.2012/25/18.01.2012/10.02.2012 100.00 S SHI B-460543 1 100.00 English Books
      Fiction R.K.Puram-8 R.K.Puram-8 22/05/2012 K.K.Pub/1711/07.02.2012/25/18.01.2012/10.02.2012 100.00 S SHI B-460546 1 100.00 English Books
      Fiction Shahdara Branch Shahdara Branch 22/05/2012 K.K.Pub/1711/07.02.2012/25/18.01.2012/10.02.2012 100.00 S SHI B-460551 1 100.00 English Books
      Fiction Vinoba Puri Vinoba Puri 22/05/2012 K.K.Pub/1711/07.02.2012/25/18.01.2012/10.02.2012 100.00 S SHI B-460548 1 100.00 English Books

© Delhi Public Library
Hit Counter
free hit counter